Corporate vehicle (Record no. 81727)

MARC details
000 -LEADER
fixed length control field 00813cab a22002055a 4500
001 - CONTROL NUMBER
control field E148094
008 - FIXED-LENGTH DATA ELEMENTS--GENERAL INFORMATION
fixed length control field 090723e20090606stko f 000 0 eng d
035 ## - SYSTEM CONTROL NUMBER
System control number (Sirsi) u148094
041 0# - LANGUAGE CODE
Language code of text/sound track or separate title eng
100 1# - MAIN ENTRY--PERSONAL NAME
Personal name Janik, Anna
245 00 - TITLE STATEMENT
Title Corporate vehicle
260 ## - PUBLICATION, DISTRIBUTION, ETC.
Date of publication, distribution, etc. 2009
490 ## - SERIES STATEMENT
Series statement Estates Gazette
Volume/sequential designation (0922) 6 June 2009, 112-113(2)
520 ## - SUMMARY, ETC.
Summary, etc. Discusses recent and forthcoming changes resulting from the implementation of the Companies Act 2006, which will be fully in force by October 2009. Issues discussed include financial assistance; reorganisations and deeds; deeds and administration; director's duties; and memoranda and articles of association.
590 ## - LOCAL NOTE (RLIN)
Local note KA
650 24 - SUBJECT ADDED ENTRY--TOPICAL TERM
Topical term or geographic name entry element COMPANIES ACT 2006
651 #4 - SUBJECT ADDED ENTRY--GEOGRAPHIC NAME
Geographic name England and Wales
Chronological subdivision 1543-
690 ## - LOCAL SUBJECT ADDED ENTRY--TOPICAL TERM (OCLC, RLIN)
Topical term or geographic name as entry element MANAGEMENT-BUSINESS MANAGEMENT
942 ## - ADDED ENTRY ELEMENTS (KOHA)
Suppress in OPAC 0
Holdings
Withdrawn status Lost status Source of classification or shelving scheme Damaged status Not for loan Home library Current library Shelving location Date acquired Total Checkouts Full call number Barcode Date last seen Copy number Price effective from Koha item type
    Dewey Decimal Classification     London London Journal article 23/07/2009   E148094 148094-2001 06/08/2019 1 06/08/2019 Journal article